000 00919nam a22002297a 4500
005 20230630105810.0
008 230630b ||||| |||| 00| 0 eng d
020 _a9788446006213
040 _aCO-BoUCM
_cDavid Moreno
_dDavid Moreno
100 _aGrimal, Nicolás
_9178012
245 1 _aHistoria del antiguo Egipto/
_cNicolás Grimal
260 _aMadrid (España)
_bEdiciones Akal
_c2004
300 _a556 Paginas:
_bilustraciones
504 _aIncluye referencias bibliográficas e índices
650 1 4 _aArqueologia
_xHistoria
_zEgipto
_9178013
651 1 4 _aEgipto
_vExcavaciones arqueológicas
_xHistoria antigua
_9178014
700 1 _aFernandez Albalat, Blanca Garcia
_etraductor
_9178015
700 1 _aBarja de Qiroga, Pedro lopez
_etraductor
_9178016
700 1 _aSerrano Delgado, José Miguel
_etraductor
_9178017
942 _2DEWEY
_a21
_cLIBRO
_e1
_h932
_mN638h
999 _c322791
_d322791